| 000 | 00428cam a22001694a 4500 | ||
|---|---|---|---|
| 005 | 20250605164337.0 | ||
| 008 | 250528s ||||||||||||||||||||||||d | ||
| 035 | _a23493 | ||
| 040 |
_aGR-AtMCL _bgre _dGR-AtMCL _eAACR2 |
||
| 245 | 1 | _aPersonality Traits and Orthorexia/Dissertation | |
| 260 | _c2011 | ||
| 700 | 1 |
_aMorakeas P _99062 |
|
| 700 | 1 |
_aSklavaena Argyro _99063 |
|
| 942 | _cDS | ||
| 999 |
_c8503 _d8503 |
||